00862nam a2200265 i 4500003000900000005001700009007000300026008004100029040003000070082002500100100003200125245005000157250001900207264004000226300002500266336002700291337003300318338002800351500002800379500006100407650005800468650001600526650003100542650002300573DO-SdBNP20230911133736.0ta100326s1968 dr 000 0 spa d aDO-SdBNPbspacBNPHUerda a617.645bS237p, 19681 aSantos N., Gladys E. de los10aPor los niños /cGladys E. de los Santos N. a4a. edición  1aSanto Domingo :bOvaciones, c1968. a30 páginasc22 cm. 2rdacontentatextobtxt 2rdamediaasin mediacíonbn 2rdacarrieravolumenbnc aDistribución gratuita adivulgación de la Clínica Dental Dra. De Los Santos. 4aNiñosxPreparación para el cuidado de los dientes 4aDentición 4aDientesxCuidado e higiene 4aPerdida de dientes